Города Забайкальского края - Statistics

General Stats
  • This quiz has been taken 43 times
  • The average score is 6 of 10
Answer Stats
Население Город % Correct
333 159 Чита
100%
29 596 Борзя
74%
51 137 Краснокаменск
65%
15 015 Петровск-Забайкальский
65%
12 390 Могоча
58%
9948 Хилок
58%
15 290 Нерчинск
55%
12 046 Шилка
55%
10 286 Балей
45%
6093 Сретенск
45%
No matching quizzes found
Score Distribution
Percent of People with Each Score
Percentile by Number Answered
Your Score History
You have not taken this quiz